[Event "DEM U16 2009"]
[Site "Willingen GER"]
[Date "2009.06.06"]
[Round "9"]
[White "Osmanodja, Filiz"]
[Black "Müller, Tobias"]
[Result "0-1"]
[Termination "normal"]
[Board "6"]
[WhiteTitle "FM"]
[WhiteElo "1963"]
[BlackElo "1744"]
[PlyCount "64"]
[WhiteFideId "24633569"]
[BlackFideId "24643394"]
[EventCountry "GER"]
[EventRounds "9"]
[EventType "swiss"]
[EventDate "2009.05.30"]

1. e4 c5 2. Nf3 d6 3. d4 cxd4 4. Nxd4 Nf6 5. Nc3 g6 6. Be3 Bg7 7. f3 O-O 8. Qd2
Nc6 9. Bc4 Bd7 10. O-O-O Rb8 11. Bb3 Ne5 12. f4 Neg4 13. h3 Nxe3 14. Qxe3 Kh8
15. Rhe1 Ng8 16. Kb1 b5 17. e5 a5 18. exd6 e6 19. a3 a4 20. Ba2 b4 21. Ne4 Qb6
22. axb4 Qxb4 23. Qc3 Qb6 24. b3 Rfc8 25. Qb2 Rc4 26. c3 axb3 27. Nxb3 Ba4 28.
Kc2 Qc6 29. d7 Rxe4 30. d8=Q Rxd8 31. Rxd8 Rxe1 32. Rd2 Qe4+ 0-1

[Event "DEM U16 2009"]
[Site "Willingen GER"]
[Date "2009.06.06"]
[Round "9"]
[White "Marx, Joschka"]
[Black "Dünzel, Jonas"]
[Result "1-0"]
[Termination "normal"]
[Board "7"]
[WhiteElo "2014"]
[BlackElo "1980"]
[PlyCount "117"]
[WhiteFideId "24645869"]
[BlackFideId "24631167"]
[EventCountry "GER"]
[EventRounds "9"]
[EventType "swiss"]
[EventDate "2009.05.30"]

1. e4 c5 2. Nf3 d6 3. b3 Nc6 4. Bb5 Bd7 5. Bb2 a6 6. Bxc6 Bxc6 7. d3 e6 8. O-O
Nf6 9. Nbd2 Be7 10. e5 dxe5 11. Nxe5 Qc7 12. a4 O-O 13. a5 Bd5 14. Ndc4 Rad8
15. Qe2 Bxc4 16. bxc4 Nd7 17. Nxd7 Qxd7 18. Qg4 f6 19. f4 Rf7 20. Rae1 f5 21.
Qe2 Bf6 22. Be5 Rc8 23. Rb1 Rc6 24. Rb3 Bxe5 25. Qxe5 Qc7 26. Qxc7 Rcxc7 27.
Rb6 Rfe7 28. Re1 Kf7 29. Re5 Kf6 30. Kf2 Kf7 31. h3 Re8 32. g4 g6 33. Ke3 Ree7
34. g5 Re8 35. Kd2 Ree7 36. Kc3 Re8 37. Kb3 Ree7 38. Rd6 Re8 39. c3 Ree7 40. d4
cxd4 41. cxd4 Rcd7 42. Rxd7 Rxd7 43. Kc3 Rc7 44. Re2 Rc6 45. Kb4 Rd6 46. d5
exd5 47. Kc5 Rc6+ 48. Kxd5 Rc8 49. Re6 Rc7 50. Rd6 Ke7 51. c5 Rd7 52. h4 Rc7
53. c6 Rxc6 54. Rxc6 bxc6+ 55. Kxc6 Ke6 56. Kb6 Kd6 57. Kxa6 Kc6 58. Ka7 Kc7
59. a6 1-0

[Event "DEM U16 2009"]
[Site "Willingen GER"]
[Date "2009.06.06"]
[Round "9"]
[White "Steinacker, Alex"]
[Black "Butschek, Marc"]
[Result "1-0"]
[Termination "normal"]
[Board "8"]
[WhiteElo "1835"]
[BlackElo "1855"]
[PlyCount "75"]
[WhiteFideId "24647195"]
[BlackFideId "4630904"]
[EventCountry "GER"]
[EventRounds "9"]
[EventType "swiss"]
[EventDate "2009.05.30"]

1. Nc3 g6 2. e4 d6 3. d4 Bg7 4. Nge2 Nf6 5. g3 Nc6 6. h3 e5 7. Be3 O-O 8. Bg2
Re8 9. O-O exd4 10. Nxd4 Nxd4 11. Bxd4 c6 12. Kh2 Qc7 13. f4 Be6 14. Qd2 Qa5
15. Rad1 Qh5 16. f5 gxf5 17. exf5 Bc4 18. Bf3 Qxf5 19. Be2 Rxe2+ 20. Nxe2 Qe4
21. Nc3 Qg6 22. Rf4 Be6 23. Qf2 Nh5 24. Bxg7 Nxf4 25. gxf4 f6 26. Rg1 Kxg7 27.
Rxg6+ hxg6 28. Qd4 d5 29. Qb4 b6 30. Qe7+ Bf7 31. Qb7 Re8 32. Qxc6 Re1 33. Qc7
d4 34. Nb5 Re2+ 35. Kg3 Re3+ 36. Kf2 Kg8 37. Nxd4 Rxh3 38. Qc8+ 1-0

[Event "DEM U16 2009"]
[Site "Willingen GER"]
[Date "2009.06.06"]
[Round "9"]
[White "Petermann, Michail"]
[Black "Aslan, Benjamin"]
[Result "1/2-1/2"]
[Termination "normal"]
[Board "9"]
[WhiteElo "2062"]
[BlackElo "1989"]
[PlyCount "95"]
[WhiteFideId "24643530"]
[BlackFideId "24640298"]
[EventCountry "GER"]
[EventRounds "9"]
[EventType "swiss"]
[EventDate "2009.05.30"]

1. e4 e6 2. d4 d5 3. Nd2 Nf6 4. Bd3 c5 5. e5 Nfd7 6. c3 Nc6 7. Ngf3 Be7 8. O-O
g5 9. Bb1 g4 10. Ne1 h5 11. Nb3 b6 12. f4 Ba6 13. Rf2 Qc7 14. f5 O-O-O 15. a4
Bc4 16. Be3 Bxb3 17. Qxb3 Ndxe5 18. dxe5 Qxe5 19. Qb5 Qxe3 20. Qxc6+ Kb8 21.
Nc2 Qc1+ 22. Rf1 Qxb2 23. f6 Rd6 24. Qb5 Qxb5 25. axb5 Bd8 26. Ra4 Rh6 27. Raf4
a5 28. bxa6 Ka7 29. Na3 Kxa6 30. Ra4+ Kb7 31. Nb5 Rd7 32. Bc2 Bxf6 33. Rfa1 Kc6
34. Ra8 Rh8 35. Rxh8 Bxh8 36. Ra8 Be5 37. Ba4 Kb7 38. Re8 d4 39. Nxd4 Bxd4+ 40.
Kf1 Rd5 41. cxd4 Rxd4 42. Bb5 Kc7 43. Re7+ Kd6 44. Rxf7 Rb4 45. Be8 h4 46. Rg7
Rb1+ 47. Kf2 Rb2+ 48. Kf1 1/2-1/2

[Event "DEM U16 2009"]
[Site "Willingen GER"]
[Date "2009.06.06"]
[Round "9"]
[White "Cremer, Jan Paul"]
[Black "März, Julian"]
[Result "1/2-1/2"]
[Termination "normal"]
[Board "10"]
[WhiteElo "1877"]
[BlackElo "1992"]
[PlyCount "33"]
[WhiteFideId "24686115"]
[BlackFideId "24646172"]
[EventCountry "GER"]
[EventRounds "9"]
[EventType "swiss"]
[EventDate "2009.05.30"]

1. e4 d5 2. exd5 Nf6 3. d4 Bg4 4. f3 Bf5 5. Bd3 Bxd3 6. Qxd3 Qxd5 7. Nc3 Qd7 8.
Bf4 Nc6 9. O-O-O e6 10. a3 O-O-O 11. Nge2 Bd6 12. Bxd6 Qxd6 13. Ne4 Qe7 14. Nc5
Nxd4 15. Nxb7 Nxe2+ 16. Qxe2 Kxb7 17. Qb5+ 1/2-1/2

[Event "DEM U16 2009"]
[Site "Willingen GER"]
[Date "2009.06.06"]
[Round "9"]
[White "Meiser, Michael"]
[Black "Bräuer, Franz"]
[Result "0-1"]
[Termination "normal"]
[Board "11"]
[WhiteElo "1792"]
[BlackElo "1966"]
[PlyCount "52"]
[WhiteFideId "24659762"]
[BlackFideId "24634468"]
[EventCountry "GER"]
[EventRounds "9"]
[EventType "swiss"]
[EventDate "2009.05.30"]

1. e4 e5 2. Nf3 Nc6 3. Bb5 a6 4. Ba4 Nf6 5. O-O Be7 6. Re1 b5 7. Bb3 O-O 8. c3
d5 9. exd5 Nxd5 10. Nxe5 Nxe5 11. Rxe5 c6 12. d3 Bd6 13. Re1 Qh4 14. g3 Qh3 15.
Re4 Qf5 16. Nd2 Qg6 17. Nf3 f5 18. Re1 Kh8 19. Ne5 Bxe5 20. Rxe5 f4 21. d4 fxg3
22. hxg3 Bg4 23. Qd2 Rae8 24. Rg5 Qe6 25. Re5 Qg6 26. Rg5 Qxg5 0-1

[Event "DEM U16 2009"]
[Site "Willingen GER"]
[Date "2009.06.06"]
[Round "9"]
[White "Zuferi, Enis"]
[Black "Wendling, Florian"]
[Result "1-0"]
[Termination "normal"]
[Board "12"]
[WhiteElo "1910"]
[BlackElo "1815"]
[PlyCount "37"]
[WhiteFideId "24692530"]
[BlackFideId "24640212"]
[EventCountry "GER"]
[EventRounds "9"]
[EventType "swiss"]
[EventDate "2009.05.30"]

1. d4 d5 2. c4 c6 3. Nc3 Nf6 4. Nf3 a6 5. e3 e6 6. Bd3 dxc4 7. Bxc4 b5 8. Bd3
Nbd7 9. O-O Be7 10. Ne5 Bb7 11. f4 O-O 12. Rf3 c5 13. Rh3 Qb6 14. Nxd7 Nxd7 15.
Bxh7+ Kh8 16. Be4+ Kg8 17. Bh7+ Kh8 18. Be4+ Kg8 19. Qh5 1-0

[Event "DEM U16 2009"]
[Site "Willingen GER"]
[Date "2009.06.06"]
[Round "9"]
[White "Ohnmacht, Simon"]
[Black "Weber, Max"]
[Result "1/2-1/2"]
[Termination "normal"]
[Board "13"]
[WhiteElo "1876"]
[BlackElo "1711"]
[PlyCount "66"]
[WhiteFideId "24672980"]
[BlackFideId "4624831"]
[EventCountry "GER"]
[EventRounds "9"]
[EventType "swiss"]
[EventDate "2009.05.30"]

1. f4 d5 2. b3 Nf6 3. Bb2 g6 4. e3 Bg7 5. Nf3 O-O 6. Be2 c5 7. O-O Nc6 8. Ne5
Qc7 9. Nxc6 Qxc6 10. d3 Qe6 11. Qd2 b6 12. Bf3 Bb7 13. Qe2 Qd7 14. Nd2 Rfd8 15.
Rae1 Rac8 16. Be5 e6 17. Kh1 Ba6 18. Rd1 Qe7 19. g3 Nd7 20. Bxg7 Kxg7 21. e4
Nf6 22. c4 dxc4 23. dxc4 Bb7 24. e5 Ng4 25. Ne4 Bxe4 26. Bxe4 h5 27. h3 Nh6 28.
Rxd8 Rxd8 29. Rd1 Rd7 30. Rxd7 Qxd7 31. Qd3 Qxd3 32. Bxd3 Nf5 33. Bxf5 exf5
1/2-1/2

[Event "DEM U16w 2009"]
[Site "Willingen GER"]
[Date "2009.05.31"]
[Round "1"]
[White "Endress, Anna"]
[Black "Micklich, Rahel"]
[Result "1-0"]
[Termination "normal"]
[Board "1"]
[WhiteElo "2066"]
[BlackElo "1779"]
[PlyCount "67"]
[WhiteFideId "24629472"]
[BlackFideId "24639184"]
[EventCountry "GER"]
[EventRounds "9"]
[EventType "swiss"]
[EventDate "2009.05.30"]

1. e4 c5 2. Nf3 d6 3. d4 cxd4 4. Nxd4 Nf6 5. Nc3 a6 6. Bc4 e6 7. a4 Nbd7 8. O-O
Qc7 9. Qe2 Ne5 10. Bb3 Be7 11. h3 O-O 12. f4 Nc6 13. Be3 Bd7 14. Rae1 Rfd8 15.
Kh1 Nxd4 16. Bxd4 Bc6 17. Qf2 Qd7 18. Bb6 Rdc8 19. e5 Ne8 20. f5 d5 21. fxe6
Qxe6 22. Ne2 Bg5 23. Nd4 Qg6 24. Nf5 Kh8 25. c3 Bd8 26. Bxd8 Rxd8 27. Bc2 Qe6
28. Nd4 Qe7 29. Qxf7 Qxf7 30. Rxf7 Kg8 31. Ref1 Nf6 32. Rc7 Ne8 33. Re7 Rd7 34.
Nxc6 1-0

[Event "DEM U16w 2009"]
[Site "Willingen GER"]
[Date "2009.05.31"]
[Round "1"]
[White "Begeluri, Nino"]
[Black "Blübaum, Johanna"]
[Result "0-1"]
[Termination "normal"]
[Board "2"]
[WhiteElo "1776"]
[BlackElo "1951"]
[PlyCount "114"]
[BlackFideId "24647373"]
[EventCountry "GER"]
[EventRounds "9"]
[EventType "swiss"]
[EventDate "2009.05.30"]

1. e4 e6 2. Nf3 d5 3. Nc3 Nf6 4. e5 Nfd7 5. d4 c5 6. dxc5 Nc6 7. Bf4 Bxc5 8.
Bd3 f6 9. exf6 Nxf6 10. O-O O-O 11. Ne5 Bd7 12. Bg3 Qe7 13. Kh1 Be8 14. Qe1 Bh5
15. f3 Bd4 16. Rb1 Nd7 17. Nxd7 Qxd7 18. Nb5 Bb6 19. Bd6 Rfe8 20. Qh4 Qf7 21.
Rbe1 Bg6 22. Bxg6 Qxg6 23. Re2 Rac8 24. Ba3 Bc7 25. Rfe1 a6 26. Nxc7 Rxc7 27.
c3 Rf7 28. Bd6 Rf5 29. Qf2 Qf6 30. Qb6 e5 31. Bc7 e4 32. Qxb7 Rf8 33. f4 Rh5
34. Be5 Qh6 35. h3 Nxe5 36. fxe5 Rxe5 37. Qc7 Qe6 38. Qc5 Ref5 39. Kg1 Qf7 40.
Kh2 Rg5 41. Rxe4 Rxg2+ 42. Kxg2 dxe4 43. b3 Qf3+ 44. Kh2 Qf4+ 45. Kh1 Qg3 46.
Qg1 Qxh3+ 47. Qh2 Rf1+ 48. Rxf1 Qxf1+ 49. Qg1 Qxg1+ 50. Kxg1 Kf7 51. c4 Ke6 52.
b4 h5 53. a4 h4 54. a5 e3 55. b5 e2 56. Kf2 h3 57. b6 h2 0-1

[Event "DEM U16w 2009"]
[Site "Willingen GER"]
[Date "2009.05.31"]
[Round "1"]
[White "Bochis, Julia"]
[Black "Carow, Annelen"]
[Result "1-0"]
[Termination "normal"]
[Board "3"]
[WhiteElo "2047"]
[BlackElo "1661"]
[PlyCount "121"]
[WhiteFideId "24647276"]
[BlackFideId "24692492"]
[EventCountry "GER"]
[EventRounds "9"]
[EventType "swiss"]
[EventDate "2009.05.30"]

1. e4 e5 2. Bc4 Nc6 3. Nc3 Bc5 4. Qg4 g6 5. Qg3 d6 6. d3 Nd4 7. Bb3 Be6 8. Bxe6
fxe6 9. Bg5 Qd7 10. O-O-O Ne7 11. Qh4 Ndc6 12. Nh3 O-O-O 13. Kb1 h6 14. Bc1 g5
15. Qh5 Rdg8 16. Na4 Bb6 17. Nxb6+ axb6 18. f3 Ng6 19. g3 Nf8 20. Nf2 Qg7 21.
c3 Qg6 22. Qh3 h5 23. Qg2 Qg7 24. b4 g4 25. Rd2 Nh7 26. a4 Rf8 27. fxg4 hxg4
28. Ra2 Rf7 29. a5 bxa5 30. b5 Nb8 31. Rxa5 Rhf8 32. Be3 Rf3 33. Nd1 Ng5 34.
Ra8 b6 35. Qa2 Kd7 36. Bxb6 Rc8 37. Ba7 Qf8 38. Qa4 Ke7 39. Be3 Nh3 40. b6 cxb6
41. Ra7+ Kf6 42. Bxb6 Qe8 43. Qb3 Qc6 44. Ne3 Nd7 45. Nxg4+ Kg5 46. Be3+ Rxe3
47. Rxd7 Qxd7 48. Nxe3 Qa7 49. Nc2 Qc5 50. c4 Rc6 51. Kc1 Rb6 52. Qc3 Kg4 53.
Rf1 Ng1 54. Qd2 Rb7 55. Qd1+ Kg5 56. Rxg1 Qb6 57. h4+ Kh6 58. g4 Qb2+ 59. Kd2
Rb3 60. g5+ Kg7 61. Qa1 1-0

[Event "DEM U16w 2009"]
[Site "Willingen GER"]
[Date "2009.05.31"]
[Round "1"]
[White "Sonnhalter, Stella"]
[Black "Anker, Christin"]
[Result "1/2-1/2"]
[Termination "normal"]
[Board "4"]
[WhiteElo "1766"]
[BlackElo "1886"]
[PlyCount "52"]
[WhiteFideId "4624815"]
[BlackFideId "1615688"]
[EventCountry "GER"]
[EventRounds "9"]
[EventType "swiss"]
[EventDate "2009.05.30"]

1. e4 e5 2. Nf3 Nc6 3. Bc4 Bc5 4. c3 Nf6 5. d3 d6 6. Bb3 a6 7. Nbd2 Ba7 8. Nf1
Ng4 9. Ne3 O-O 10. O-O Kh8 11. h3 Nxe3 12. Bxe3 f5 13. exf5 Bxf5 14. d4 exd4
15. Nxd4 Nxd4 16. Bxd4 Qg5 17. Kh1 Bxd4 18. Qxd4 Rae8 19. Rae1 Qg6 20. Bd5 Bd3
21. Rg1 c6 22. Bf3 d5 23. Re5 Rxe5 24. Qxe5 Kg8 25. Re1 Qf7 26. Qd6 Re8 1/2-1/2

[Event "DEM U16w 2009"]
[Site "Willingen GER"]
[Date "2009.05.31"]
[Round "1"]
[White "Schulz, Anja"]
[Black "Garny, Annica"]
[Result "1-0"]
[Termination "normal"]
[Board "5"]
[WhiteElo "1995"]
[BlackElo "1604"]
[PlyCount "37"]
[WhiteFideId "24647845"]
[BlackFideId "24600660"]
[EventCountry "GER"]
[EventRounds "9"]
[EventType "swiss"]
[EventDate "2009.05.30"]

1. e4 e5 2. Nf3 Nc6 3. Bb5 a6 4. Ba4 Nf6 5. d3 Be7 6. O-O b5 7. Bb3 O-O 8. Bd5
Bd6 9. Bg5 Bb7 10. d4 Rb8 11. Bxc6 Bxc6 12. dxe5 Bxe5 13. Nxe5 Bxe4 14. Nc3 Bf5
15. Qf3 Bxc2 16. Ng4 Rb6 17. Nd5 Be4 18. Ndxf6+ gxf6 19. Bxf6 1-0

[Event "DEM U16w 2009"]
[Site "Willingen GER"]
[Date "2009.05.31"]
[Round "1"]
[White "Harder, Anne"]
[Black "Smolkina, Milana"]
[Result "0-1"]
[Termination "normal"]
[Board "6"]
[WhiteElo "1598"]
[BlackElo "1917"]
[PlyCount "46"]
[WhiteFideId "4614631"]
[BlackFideId "24618780"]
[EventCountry "GER"]
[EventRounds "9"]
[EventType "swiss"]
[EventDate "2009.05.30"]

1. e4 c5 2. c3 d6 3. d4 Nf6 4. Bd3 Nc6 5. Nf3 g6 6. Qe2 Bg7 7. O-O cxd4 8. cxd4
Bg4 9. Be3 Nd7 10. Bc4 O-O 11. Rd1 Nb6 12. Bb3 Na5 13. Nbd2 Nxb3 14. Nxb3 f5
15. Bf4 fxe4 16. Qxe4 d5 17. Qe3 Nc4 18. Qc1 Nxb2 19. Re1 Nd3 20. Qe3 Nxf4 21.
Ne5 Bxe5 22. dxe5 Qb6 23. Qg3 Ne2+ 0-1

[Event "DEM U16w 2009"]
[Site "Willingen GER"]
[Date "2009.05.31"]
[Round "1"]
[White "Stark, Saskia"]
[Black "Müller, Alexandra"]
[Result "0-1"]
[Termination "normal"]
[Board "7"]
[WhiteElo "1936"]
[BlackElo "1561"]
[PlyCount "64"]
[WhiteFideId "4601050"]
[BlackFideId "24691496"]
[EventCountry "GER"]
[EventRounds "9"]
[EventType "swiss"]
[EventDate "2009.05.30"]

1. e4 e5 2. Nf3 Nc6 3. d4 exd4 4. Nxd4 Bc5 5. Nb3 Bb6 6. Nc3 d6 7. a4 a6 8. Nd5
Ba7 9. Qf3 Nge7 10. Bg5 Be6 11. O-O-O O-O 12. Qg3 Kh8 13. h4 f6 14. Be3 Bxe3+
15. Qxe3 Re8 16. Qd2 Ne5 17. h5 Nxd5 18. exd5 Bd7 19. a5 Bb5 20. Nd4 Bd7 21.
Be2 Qe7 22. Rdg1 Ng4 23. Bd3 Ne5 24. Bf5 Bxf5 25. Nxf5 Qd7 26. Nd4 Qa4 27. Nb3
Nc4 28. Qd4 Re2 29. Rh4 Qe8 30. Qd1 Re4 31. Rgh1 Qe5 32. Nd4 Rxh4 0-1

[Event "DEM U16w 2009"]
[Site "Willingen GER"]
[Date "2009.05.31"]
[Round "1"]
[White "Falke, Cynthia"]
[Black "Stitterich, Nadine"]
[Result "0-1"]
[Termination "normal"]
[Board "8"]
[WhiteElo "1502"]
[BlackElo "1918"]
[PlyCount "54"]
[WhiteFideId "24600644"]
[BlackFideId "24676527"]
[EventCountry "GER"]
[EventRounds "9"]
[EventType "swiss"]
[EventDate "2009.05.30"]

1. e4 e5 2. Nf3 Nc6 3. Bc4 Bc5 4. d3 Nf6 5. Nc3 d6 6. h3 Be6 7. Bb3 Qd7 8. O-O
O-O-O 9. Na4 Bb6 10. Nxb6+ axb6 11. Bd2 h6 12. Ne1 g5 13. a4 d5 14. f3 dxe4 15.
Bxe6 fxe6 16. Bc3 Qe7 17. Qe2 Qc5+ 18. Kh2 Nd5 19. Ra3 e3 20. g3 Nd4 21. Qg2
Nxc3 22. Rxc3 Qb4 23. Rc4 Qxb2 24. c3 Qxg2+ 25. Nxg2 Nb3 26. Rd1 e2 27. Re1 Nd2
0-1

[Event "DEM U16w 2009"]
[Site "Willingen GER"]
[Date "2009.05.31"]
[Round "1"]
[White "Dorn, Carina"]
[Black "Grömping, Carolin"]
[Result "1-0"]
[Termination "normal"]
[Board "9"]
[WhiteElo "1793"]
[BlackElo "1475"]
[PlyCount "173"]
[WhiteFideId "24666335"]
[EventCountry "GER"]
[EventRounds "9"]
[EventType "swiss"]
[EventDate "2009.05.30"]

1. d4 d5 2. c4 e6 3. Nc3 Nf6 4. cxd5 exd5 5. Bg5 Be7 6. e3 c6 7. Bd3 Nbd7 8.
Qc2 O-O 9. Nf3 Re8 10. O-O Nf8 11. Rab1 a5 12. Na4 N6d7 13. Bf4 h6 14. Rfc1 Ne6
15. Bg3 Ng5 16. Nxg5 Bxg5 17. a3 Be7 18. b4 axb4 19. axb4 Nf6 20. Nc5 Bxc5 21.
Qxc5 Bd7 22. Ra1 Rxa1 23. Rxa1 Bc8 24. b5 Qd7 25. Rc1 Ne4 26. Qc2 cxb5 27. Rb1
Qc6 28. Rxb5 Qxc2 29. Bxc2 Nc3 30. Rc5 Ne2+ 31. Kf1 Nxg3+ 32. hxg3 Rd8 33. Bb3
Be6 34. Rc7 Rb8 35. Rc5 Rd8 36. Ke2 g6 37. Kd3 Kg7 38. Kc3 Rd6 39. Rb5 b6 40.
Ba2 Kf6 41. f3 Ke7 42. Bb1 Bd7 43. Rb4 Rc6+ 44. Kd3 Kd6 45. e4 Be6 46. Bc2 Kc7
47. Ba4 Rd6 48. Rb5 Kb7 49. Rb1 Rd8 50. Rc1 Rc8 51. Rxc8 Kxc8 52. Bc6 dxe4+ 53.
fxe4 Kc7 54. Bb5 Kd6 55. Ba6 Bd7 56. e5+ Kc6 57. Bc4 Bf5+ 58. Kc3 Be6 59. Bf1
Bd5 60. Kb4 g5 61. Bb5+ Kc7 62. Bc4 Kc6 63. Bf1 Be4 64. Bc4 Bd5 65. Bb5+ Kc7
66. Be2 Kc6 67. Bh5 Kc7 68. Kb5 Be6 69. Bf3 Bd7+ 70. Kb4 Bc6 71. d5 Bd7 72. Bh5
Kd8 73. Bxf7 Ke7 74. e6 Bc8 75. Bg6 Bxe6 76. dxe6 Kxe6 77. Kb5 Kf6 78. Bh5 Kf5
79. g4+ Kf4 80. Kxb6 Kg3 81. Kc6 Kxg2 82. Kd6 Kf3 83. Ke6 Ke4 84. Kf6 Kf4 85.
Kg6 Ke5 86. Kxh6 Kf4 87. Kg6 1-0

[Event "DEM U16w 2009"]
[Site "Willingen GER"]
[Date "2009.05.31"]
[Round "1"]
[White "Jünger, Theresa"]
[Black "Nguyen Minh, Thuy"]
[Result "0-1"]
[Termination "normal"]
[Board "10"]
[WhiteElo "1575"]
[BlackElo "1862"]
[PlyCount "48"]
[BlackFideId "24672688"]
[EventCountry "GER"]
[EventRounds "9"]
[EventType "swiss"]
[EventDate "2009.05.30"]

1. d4 e6 2. e3 c5 3. Nf3 Nf6 4. Be2 b6 5. b3 Bb7 6. Bb2 Be7 7. c4 O-O 8. O-O d5
9. Nc3 Nbd7 10. Rc1 dxc4 11. Bxc4 Rc8 12. Qe2 Qc7 13. h3 Ne4 14. Rfd1 Ndf6 15.
Ne5 Nd6 16. Bd3 Qb8 17. Bb1 Qa8 18. f3 Nd5 19. Nxd5 Bxd5 20. Qd3 f5 21. dxc5
bxc5 22. Nd7 Rfd8 23. Nxc5 Nc4 24. Qe2 Nxb2 0-1

[Event "DEM U16w 2009"]
[Site "Willingen GER"]
[Date "2009.05.31"]
[Round "1"]
[White "Schätz, Annika"]
[Black "Rusch, Julia"]
[Result "1-0"]
[Termination "normal"]
[Board "11"]
[WhiteElo "1763"]
[BlackElo "1425"]
[PlyCount "77"]
[WhiteFideId "24674796"]
[EventCountry "GER"]
[EventRounds "9"]
[EventType "swiss"]
[EventDate "2009.05.30"]

1. e4 c6 2. d4 d5 3. exd5 cxd5 4. c4 Nf6 5. Nc3 e6 6. Nf3 Nc6 7. Bg5 Be7 8. c5
O-O 9. Rc1 a6 10. Bd3 Qc7 11. Na4 Bd7 12. Nb6 Rae8 13. O-O Bd8 14. Bh4 Nb4 15.
Bg3 e5 16. dxe5 Nh5 17. e6 Nxg3 18. exd7 Nxf1 19. dxe8=Q Rxe8 20. Kxf1 Qc6 21.
a3 Nxd3 22. Qxd3 Bxb6 23. b4 Bc7 24. Rd1 Rd8 25. Qf5 g6 26. Qd3 Kf8 27. Qd4 f6
28. Qh4 Kg8 29. Nd4 Qa4 30. Rd3 Be5 31. f4 Bxd4 32. Rxd4 Qxa3 33. Qe1 Kf7 34.
Qd1 Qe3 35. Rxd5 Qxf4+ 36. Kg1 Qe3+ 37. Kh1 Re8 38. Rd7+ Ke6 39. Qd5# 1-0

[Event "DEM U16w 2009"]
[Site "Willingen GER"]
[Date "2009.05.31"]
[Round "1"]
[White "Beier, Nina"]
[Black "Wild, Katharina"]
[Result "0-1"]
[Termination "normal"]
[Board "12"]
[WhiteElo "1393"]
[BlackElo "1904"]
[PlyCount "78"]
[WhiteFideId "24660434"]
[BlackFideId "24678015"]
[EventCountry "GER"]
[EventRounds "9"]
[EventType "swiss"]
[EventDate "2009.05.30"]

1. d4 d5 2. Bg5 h6 3. Bh4 c6 4. e3 Bf5 5. Bd3 Bxd3 6. Qxd3 Nd7 7. Nd2 Ngf6 8.
Bxf6 Nxf6 9. Ngf3 e6 10. O-O Be7 11. Rfe1 O-O 12. c3 c5 13. e4 a6 14. e5 Nd7
15. b3 b5 16. Re3 Rc8 17. Ne1 cxd4 18. cxd4 Bg5 19. Rg3 Qa5 20. Ndf3 Bc1 21.
Qe2 Rc3 22. a4 Rfc8 23. Qd1 Bb2 24. Rb1 Rc1 25. Rxc1 Rxc1 26. Qe2 Bxd4 27. Kf1
Bc5 28. axb5 Qxb5 29. Qxb5 axb5 30. Ke2 Rc3 31. Nd2 Rxg3 32. hxg3 Nxe5 33. f4
Nc6 34. Nd3 Nd4+ 35. Kd1 Bd6 36. Ke1 f6 37. Kf2 e5 38. Ke3 Nf5+ 39. Kf2 e4 0-1

[Event "DEM U16w 2009"]
[Site "Willingen GER"]
[Date "2009.05.31"]
[Round "1"]
[White "Velina, Valeria"]
[Black "Maiwald, Anja"]
[Result "1-0"]
[Termination "normal"]
[Board "13"]
[WhiteElo "1782"]
[BlackElo "1331"]
[PlyCount "79"]
[WhiteFideId "24677345"]
[EventCountry "GER"]
[EventRounds "9"]
[EventType "swiss"]
[EventDate "2009.05.30"]

1. e4 d5 2. exd5 Qxd5 3. Nc3 Qa5 4. d4 Nf6 5. Nf3 Bf5 6. Bc4 e6 7. O-O c6 8.
Re1 Bb4 9. Bd2 O-O 10. Bb3 Nbd7 11. a3 Bxc3 12. Bxc3 Qc7 13. Nh4 Be4 14. f3 Bd5
15. Bb4 c5 16. dxc5 Nxc5 17. g3 Rfd8 18. Bxd5 Rxd5 19. Qe2 Rad8 20. Ng2 Na4 21.
c4 Rd3 22. Nf4 R3d7 23. b3 Nc5 24. Rab1 Nd3 25. Nxd3 Rxd3 26. Red1 Qb6+ 27. c5
Qb5 28. a4 Qd7 29. Rxd3 Qxd3 30. Qxd3 Rxd3 31. Kf2 Nd5 32. Be1 Kf8 33. Ke2 Re3+
34. Kf2 Ke7 35. g4 Kf6 36. Bd2 Rd3 37. Ke2 Nc3+ 38. Kxd3 Nxb1 39. Bb4 Ke5 40.
Kc2 1-0

[Event "DEM U16w 2009"]
[Site "Willingen GER"]
[Date "2009.05.31"]
[Round "2"]
[White "Nguyen Minh, Thuy"]
[Black "Endress, Anna"]
[Result "0-1"]
[Termination "normal"]
[Board "1"]
[WhiteElo "1862"]
[BlackElo "2066"]
[PlyCount "46"]
[WhiteFideId "24672688"]
[BlackFideId "24629472"]
[EventCountry "GER"]
[EventRounds "9"]
[EventType "swiss"]
[EventDate "2009.05.30"]

1. e4 c5 2. Nf3 e6 3. d4 cxd4 4. Nxd4 Nf6 5. Nc3 d6 6. Be3 a6 7. Be2 Be7 8. g4
Nc6 9. f4 Nd7 10. g5 Nxd4 11. Qxd4 e5 12. Qd2 exf4 13. Bxf4 Ne5 14. O-O-O Be6
15. h4 Qa5 16. Kb1 Rc8 17. Qd4 Qc5 18. Qd2 O-O 19. h5 Bc4 20. g6 Bxe2 21. gxh7+
Kxh7 22. Qxe2 Nc4 23. Nd5 Qb5 0-1

[Event "DEM U16w 2009"]
[Site "Willingen GER"]
[Date "2009.05.31"]
[Round "2"]
[White "Blübaum, Johanna"]
[Black "Dorn, Carina"]
[Result "1-0"]
[Termination "normal"]
[Board "2"]
[WhiteElo "1951"]
[BlackElo "1793"]
[PlyCount "123"]
[WhiteFideId "24647373"]
[BlackFideId "24666335"]
[EventCountry "GER"]
[EventRounds "9"]
[EventType "swiss"]
[EventDate "2009.05.30"]

1. d4 Nf6 2. c4 e6 3. Nc3 Bb4 4. Qc2 O-O 5. a3 Bxc3+ 6. Qxc3 Ne4 7. Qc2 f5 8.
e3 b6 9. Ne2 Bb7 10. f3 Nf6 11. Nc3 c5 12. dxc5 bxc5 13. Be2 Nc6 14. O-O a6 15.
b3 Qc7 16. Bb2 Rad8 17. Rad1 d6 18. Rd2 Rfe8 19. Rfd1 Ne5 20. Na2 Nf7 21. b4
Qc8 22. Nc1 e5 23. Nb3 e4 24. Bxf6 gxf6 25. f4 Kg7 26. Bh5 cxb4 27. axb4 Qc7
28. Nd4 Bc8 29. c5 dxc5 30. Qxc5 Qxc5 31. bxc5 Rd5 32. Ne6+ Bxe6 33. Rxd5 Bxd5
34. Rxd5 Re7 35. c6 Rc7 36. Kf2 Kf8 37. Rc5 Nd8 38. Be2 Rxc6 39. Rxc6 Nxc6 40.
Bxa6 Ne7 41. Bc4 Kg7 42. Ke2 Ng6 43. g3 Ne7 44. Kd2 Nc8 45. Kc3 Kf8 46. Kd4 Ke7
47. Bg8 h6 48. Kd5 Nb6+ 49. Kd4 Kd6 50. Bh7 Ke6 51. h3 Nc8 52. g4 Ne7 53. Bxf5+
Nxf5+ 54. gxf5+ Kxf5 55. Kd5 h5 56. Kd4 Ke6 57. Kxe4 f5+ 58. Kd4 Kd6 59. e4
fxe4 60. Kxe4 Ke6 61. f5+ Kf6 62. Kf4 1-0

[Event "DEM U16w 2009"]
[Site "Willingen GER"]
[Date "2009.05.31"]
[Round "2"]
[White "Wild, Katharina"]
[Black "Bochis, Julia"]
[Result "0-1"]
[Termination "normal"]
[Board "3"]
[WhiteElo "1904"]
[BlackElo "2047"]
[PlyCount "68"]
[WhiteFideId "24678015"]
[BlackFideId "24647276"]
[EventCountry "GER"]
[EventRounds "9"]
[EventType "swiss"]
[EventDate "2009.05.30"]

1. c4 Nf6 2. Nc3 c5 3. Nf3 d5 4. cxd5 Nxd5 5. g3 Nc6 6. Bg2 Nc7 7. a3 e5 8. b4
f6 9. b5 Nd4 10. a4 Be7 11. O-O O-O 12. Ba3 Be6 13. Rb1 Ne8 14. Nxd4 exd4 15.
Ne4 Rc8 16. d3 b6 17. Rc1 Nc7 18. Nd2 Nd5 19. Nc4 Qe8 20. Re1 Qf7 21. Bb2 h5
22. e3 dxe3 23. Nxe3 Nb4 24. Qe2 Rfe8 25. d4 c4 26. Be4 Na2 27. Ra1 Bb4 28.
Red1 c3 29. Bc1 Nxc1 30. Rdxc1 Bc4 31. Qc2 Bb3 32. Qb1 Rxe4 33. Qxe4 c2 34. Nf5
Bd5 0-1